[Event "Voronezh op-B 14th"]
[Site "Voronezh"]
[Date "2010.06.12"]
[Round "1"]
[White "Kopytin, Vladimir"]
[Black "Savenko, Igor"]
[Result "1-0"]
[WhiteElo "2083"]
[BlackElo "2209"]
[PlyCount "67"]
[EventDate "2010.06.12"]
[EventType "swiss"]
[EventRounds "9"]
[EventCountry "RUS"]
[SourceTitle "CBM 137 Extra"]
[Source "ChessBase"]
[SourceDate "2010.09.01"]
[SourceVersion "1"]
[SourceVersionDate "2010.09.01"]
[SourceQuality "1"]

1. e4 c6 2. d4 d5 3. exd5 cxd5 4. Bd3 Nc6 5. c3 e5 6. dxe5 Nxe5 7. Qe2 Qe7 8. Bb5+ Bd7 9. Bxd7+ Nxd7 10. Be3 Ngf6 11. Nd2 g6 12. Bd4 Qxe2+ 13. Nxe2 Bg7 14. 0-0 0-0 15. Rad1 b5 16. Nb3 Rad8 17. Rfe1 g5 18. Ng3 Rfe8 19. Nf5 Re6 20. f3 Nb8 21. Bf2 Nc6 22. Nbd4 Nxd4 23. Bxd4 Kf8 24. Kf2 Nh5 25. Rxe6 fxe6 26. Nxg7 Nxg7 27. Bf6 Rd7 28. Bxg5 e5 29. Bf6 e4 30. fxe4 Rf7 31. e5 Nh5 32. Rxd5 Nxf6 33. exf6 Rxf6+ 34. Ke3 1-0

[Event "RUS-Cup02"]
[Site "Moscow"]
[Date "1998.??.??"]
[Round "6"]
[White "Demianjuk, Alexander"]
[Black "Savenko, Igor"]
[Result "1/2-1/2"]
[WhiteElo "2215"]
[BlackElo "2330"]
[PlyCount "125"]
[EventDate "1998.01.21"]
[EventType "swiss"]
[EventRounds "9"]
[EventCountry "RUS"]
[SourceTitle "CBM 063"]
[Source "ChessBase"]
[SourceDate "1998.03.26"]
[SourceVersion "1"]
[SourceVersionDate "1998.03.26"]
[SourceQuality "1"]

1. e4 c5 2. Nf3 Nc6 3. d4 cxd4 4. Nxd4 Nf6 5. Nc3 d6 6. Bg5 e6 7. Qd2 a6 8. 0-0-0 h6 9. Be3 Be7 10. f4 Nxd4 11. Bxd4 b5 12. Kb1 Rb8 13. Bxf6 Bxf6 14. Qxd6 Qxd6 15. Rxd6 Bxc3 16. bxc3 Ke7 17. e5 g5 18. g3 Bb7 19. Rg1 Rhg8 20. Bg2 gxf4 21. Bxb7 Rxb7 22. Rxa6 Rg5 23. Ra8 Rc7 24. Kb2 fxg3 25. Rxg3 Rxe5 26. a4 bxa4 27. Rxa4 Rg5 28. Rh3 h5 29. c4 Kf6 30. Rf3+ Kg6 31. Kb3 Rg4 32. Rc3 Kf6 33. Ra5 Rh4 34. h3 Ke7 35. Rb5 f5 36. c5 Rd4 37. Rd3 Rd8 38. Rg3 Kf6 39. Kc4 f4 40. Rd3 Rf8 41. Kd4 Ra8 42. Rc3 Ra4+ 43. Kd3 e5 44. c6 Rd4+ 45. Ke2 Rd6 46. Rcc5 Re6 47. Rb6 Ke7 48. h4 Kd6 49. Rbb5 e4 50. Rd5+ Kxc6 51. Rbc5+ Kb7 52. Rxc7+ Kxc7 53. Rxh5 f3+ 54. Ke1 Rf6 55. Re5 Rf4 56. h5 Kd6 57. Re8 Rh4 58. c4 Kc5 59. h6 Kxc4 60. h7 Rxh7 61. Rxe4+ Kd3 62. Re8 Rh2 63. Rd8+ 1/2-1/2

[Event "Russia"]
[Site "Russia"]
[Date "1997.??.??"]
[Round "?"]
[White "Savenko, Igor"]
[Black "Daniliuk, Sergey"]
[Result "1/2-1/2"]
[WhiteElo "2300"]
[BlackElo "2425"]
[PlyCount "39"]
[EventDate "1997.??.??"]
[EventType "game"]
[EventRounds "1"]
[EventCountry "RUS"]
[SourceTitle "EXT 2010"]
[Source "ChessBase"]
[SourceDate "2010.11.25"]
[SourceVersion "1"]
[SourceVersionDate "2010.11.25"]
[SourceQuality "1"]

1. e4 e5 2. Nf3 Nc6 3. d4 exd4 4. Nxd4 Bc5 5. Nxc6 Qf6 6. Qd2 dxc6 7. Nc3 Be6 8. Na4 Rd8 9. Bd3 Bd4 10. 0-0 b5 11. c3 bxa4 12. cxd4 Qxd4 13. Qg5 h6 14. Qg3 Nf6 15. Bc2 Nxe4 16. Qf4 Nf6 17. Bxa4 0-0 18. Qxd4 Rxd4 19. Bxc6 Rc4 20. Bf3 1/2-1/2